000
00254nam a2200097Ia 4500
001
679799
005
20250826161329.0
008
250824s9999 xx 000 0 und d
245
0
_a
UMUT SOKAĞI ÇOCUKLARI
_c
GÜLSEVİN KIRAL
260
_b
GÜNIŞIĞI YAYINLARI
999
_c
679799
_d
679799